The animals' Christmas eve / (Record no. 78)

MARC details
000 -LEADER
fixed length control field 01265nam a22003737a 4500
001 - CONTROL NUMBER
control field 78
003 - CONTROL NUMBER IDENTIFIER
control field FISKH
005 - DATE AND TIME OF LATEST TRANSACTION
control field 20230221155913.0
008 - FIXED-LENGTH DATA ELEMENTS--GENERAL INFORMATION
fixed length control field 230221b cb ||||| |||| 00| 0 eng d
010 ## - LIBRARY OF CONGRESS CONTROL NUMBER
LC control number 2005935753
020 ## - INTERNATIONAL STANDARD BOOK NUMBER
International Standard Book Number 9780375839238
040 ## - CATALOGING SOURCE
Original cataloging agency DLC
Transcribing agency DLC
Modifying agency DLC
-- FISKH
Language of cataloging eng
042 ## - AUTHENTICATION CODE
Authentication code lcac
050 00 - LIBRARY OF CONGRESS CALL NUMBER
Classification number PZ8.3.W653
Item number Ani 2007
082 00 - DEWEY DECIMAL CLASSIFICATION NUMBER
Classification number 813.54
Edition number 22
100 1# - MAIN ENTRY--PERSONAL NAME
Personal name Wiersum, Gale.
245 14 - TITLE STATEMENT
Title The animals' Christmas eve /
Statement of responsibility, etc. by Gale Wiersum ; illustrated by Alex Steele Morgan.
250 ## - EDITION STATEMENT
Edition statement 1st Random House ed.
260 ## - PUBLICATION, DISTRIBUTION, ETC.
Place of publication, distribution, etc. New York :
Name of publisher, distributor, etc. Golden Books,
Date of publication, distribution, etc. 2007.
300 ## - PHYSICAL DESCRIPTION
Extent 12 leaves of plates
Other physical details col. ill. ;
Dimensions 21 cm.
490 0# - SERIES STATEMENT
Series statement A Little Golden book
521 8# - TARGET AUDIENCE NOTE
Target audience note 370
Source Lexile
521 8# - TARGET AUDIENCE NOTE
Target audience note F
Source Raz-Plus
600 00 - SUBJECT ADDED ENTRY--PERSONAL NAME
Personal name Jesus Christ
General subdivision Nativity
Form subdivision Fiction.
600 01 - SUBJECT ADDED ENTRY--PERSONAL NAME
Personal name Jesus Christ
General subdivision Nativity
Form subdivision Fiction.
650 #1 - SUBJECT ADDED ENTRY--TOPICAL TERM
Topical term or geographic name entry element Stories in rhyme.
650 #1 - SUBJECT ADDED ENTRY--TOPICAL TERM
Topical term or geographic name entry element Animals
Form subdivision Fiction.
650 #1 - SUBJECT ADDED ENTRY--TOPICAL TERM
Topical term or geographic name entry element Christmas
Form subdivision Fiction.
700 1# - ADDED ENTRY--PERSONAL NAME
Personal name Steele-Morgan, Alexandra.
856 42 - ELECTRONIC LOCATION AND ACCESS
Materials specified Publisher description
Uniform Resource Identifier <a href="http://www.loc.gov/catdir/enhancements/fy0703/2005935753-d.html">http://www.loc.gov/catdir/enhancements/fy0703/2005935753-d.html</a>
856 42 - ELECTRONIC LOCATION AND ACCESS
Materials specified Contributor biographical information
Uniform Resource Identifier <a href="http://www.loc.gov/catdir/enhancements/fy0703/2005935753-b.html">http://www.loc.gov/catdir/enhancements/fy0703/2005935753-b.html</a>
906 ## - LOCAL DATA ELEMENT F, LDF (RLIN)
a 7
b cbc
c origcop
d 2
e epcn
f 20
g y-gencatlg
942 ## - ADDED ENTRY ELEMENTS (KOHA)
Source of classification or shelving scheme Dewey Decimal Classification
Koha item type Books
Suppress in OPAC No
Holdings
Withdrawn status Lost status Source of classification or shelving scheme Damaged status Not for loan Collection Home library Current library Shelving location Date acquired Total Checkouts Full call number Barcode Date last seen Date last checked out Price effective from Koha item type
    Library of Congress Classification     Juvenile Fiction Footprints International School Library Network Toul Kork Campus Footprints International School Library Network Toul Kork Campus TK Primary Library Room(4th Floor), Bookcase 7, Shelves 57-60, Dark Green Books 02/21/2023 2 WIE 813.54 PZ8.W653 FISBK00212 11/16/2023 10/05/2023 02/21/2023 Books